000 00832cab a2200241 4500
001 ABS59945
008 090401t1999 xxu||||| |||| 00| 0 eng d
035 _a(Sirsi) u90692
041 _aeng
100 _aTrimbos, J.
245 4 _aThe alternative is blowing in the wind
260 _c1999
350 _a0
490 _aPlanning (for the Natural and Built Environment)
_v(1300) 8 January 1999, 14-15(2)
520 _aDiscusses conflicts over the siting of wind farms, due to noise and visual impact, and suggests that these problems could be overcome though the siting of wind farms offshore.
650 _aOFFSHORE WIND POWER
650 _aPOWER GENERATION
650 _aRENEWABLE ENERGY SOURCES
650 _aWIND FARMS
690 _aENVIRONMENTAL AND LAND CONSULTANCY-ENERGY
942 _n0
948 _c14/01/1999
999 _c57510
_d57510